[Event "III Torneo Latin"]
[Site "http://www.queenalice.com/game.php?id=1307771"]
[Date "2014.9.12"]
[Round "1"]
[White "teodoricojose"]
[Black "Ferdyrojo"]
[Result "0-1"]
[WhiteElo "1809"]
[BlackElo "1816"]

1. Nf3 Nf6 2. c4 b6 3. g3 c5 4. d4 cxd4 5. Qxd4 d6 6. Bg2 Bb7 7. Bg5 Nc6 8. Qc3
g6 9. Bxf6 exf6 10. O-O Bg7 11. a3 O-O 12. Nbd2 f5 13. Qc2 Nd4 14. Nxd4 Bxg2 15.
Kxg2 Bxd4 16. Rad1 Rc8 17. Nf3 Bf6 18. b4 Qc7 19. Rc1 Qb7 20. Rfd1 Rfd8 21. Qa4
g5 22. e3 g4 0-1

[Event "III Torneo Latin"]
[Site "http://www.queenalice.com/game.php?id=1328492"]
[Date "2014.12.16"]
[Round "2"]
[White "Ferdyrojo"]
[Black "Manoeljoaquim"]
[Result "0-1"]
[WhiteElo "1861"]
[BlackElo "1860"]

1. e4 Nf6 2. Nc3 e5 3. Nf3 Bc5 4. Nxe5 d5 5. exd5 O-O 6. d4 Bb6 7. Bc4 Bf5 8.
O-O c5 9. Be3 cxd4 10. Bxd4 Bxd4 11. Qxd4 Bxc2 12. Rac1 Bf5 13. Bd3 Bxd3 14.
Qxd3 Nbd7 15. Rfe1 Nxe5 16. Rxe5 Qb6 17. Re2 Rad8 18. Rd1 a6 19. Qd4 Qd6 20. b4
h5 21. Ne4 Nxe4 22. Rxe4 Rfe8 23. f3 Qg6 24. Rde1 Rxe4 25. fxe4 Qg4 26. Rd1 Rd6
27. Rd3 Qe2 28. Rd2 Qe1# 0-1

[Event "Checker"]
[Site "http://www.queenalice.com/game.php?id=1330133"]
[Date "2014.12.23"]
[Round "2"]
[White "Ferdyrojo"]
[Black "dbwright308"]
[Result "0-1"]
[WhiteElo "1845"]
[BlackElo "1796"]

1. e4 e5 2. Nc3 Nf6 3. Bc4 c6 4. Bb3 d5 5. exd5 cxd5 6. d3 d4 7. Ne4 h6 8. h3
Nxe4 9. dxe4 Nc6 10. Nf3 Be6 11. Bxe6 fxe6 12. Qe2 Bb4+ 13. Bd2 Bxd2+ 14. Qxd2
O-O 15. O-O Qf6 16. a3 Qg6 17. Rae1 Rxf3 0-1

[Event "III Torneo Latin"]
[Site "http://www.queenalice.com/game.php?id=1348159"]
[Date "2015.3.18"]
[Round "3"]
[White "LuisGabriel_HD"]
[Black "Ferdyrojo"]
[Result "1-0"]
[WhiteElo "1815"]
[BlackElo "1889"]

1. e4 d5 2. exd5 Qxd5 3. Nc3 Qa5 4. Nf3 Nf6 5. d4 c6 6. Bd2 Bf5 7. Bc4 e6 8. O-O
Bd6 9. Nb5 Qd8 10. Nxd6+ Qxd6 11. h3 Nbd7 12. Re1 Be4 13. Bg5 Bd5 14. Bxd5 cxd5
15. Ne5 h6 16. Bxf6 Nxf6 17. c3 O-O 18. Qf3 b5 19. Ng4 Nxg4 20. Qxg4 Rae8 21.
Re5 f6 22. Rh5 Kh7 23. Re1 e5 24. dxe5 Rxe5 25. Rexe5 fxe5 26. Rf5 Rxf5 27.
Qxf5+ g6 28. Qf7+ Kh8 29. Qxa7 Kg8 30. b3 Kf8 31. a4 bxa4 32. bxa4 Ke8 33. a5
Qd7 34. Qb6 Ke7 35. a6 d4 36. a7 Qc8 37. Qb8 Qxc3 38. Qxe5+ 1-0

[Event "AUTO-ADV-3410"]
[Site "http://www.queenalice.com/game.php?id=1358927"]
[Date "2015.5.11"]
[Round "1"]
[White "Ferdyrojo"]
[Black "silverado"]
[Result "1-0"]
[WhiteElo "1875"]
[BlackElo "1831"]

1. e4 e5 2. Nf3 Nc6 3. Bc4 Nd4 4. Nxd4 exd4 5. d3 c5 6. Nd2 Bd6 7. Nf3 f6 8. O-O
b6 9. Re1 Bb7 10. Bd5 Bxd5 11. exd5+ Ne7 12. c3 dxc3 13. bxc3 O-O 14. c4 Nf5 15.
Bb2 a6 16. Re4 Re8 17. Qe2 Rxe4 18. dxe4 Ne7 19. e5 fxe5 20. Bxe5 Bxe5 21. Nxe5
d6 22. Nf3 Ng6 23. Qe6+ Kh8 24. Ng5 Qxg5 25. Qxd6 Nf4 26. g3 Nd3 27. Qxb6 Rf8
28. Rf1 Nf4 29. Qxc5 Nh3+ 30. Kg2 Nf4+ 31. Kg1 Ne6 32. Qd6 Qd8 33. Qxe6 Qa5 34.
Qe7 Rd8 35. a4 Qb6 36. c5 Qb8 37. d6 Re8 38. Qd7 Rd8 39. Qc6 Qa7 40. Re1 Qb8 41.
d7 1-0

[Event "AUTO-ADV-3410"]
[Site "http://www.queenalice.com/game.php?id=1358928"]
[Date "2015.5.11"]
[Round "1"]
[White "silverado"]
[Black "Ferdyrojo"]
[Result "1-0"]
[WhiteElo "1812"]
[BlackElo "1870"]

1. e4 e5 2. Nf3 Nc6 3. c3 d5 4. d3 dxe4 5. dxe4 Qxd1+ 6. Kxd1 Bg4 7. Be2 Nf6 8.
Nfd2 Bxe2+ 9. Kxe2 Be7 10. f3 Rd8 11. Nc4 O-O 12. Be3 Rfe8 13. Nbd2 b6 14. a4 a5
15. Nb3 Nd7 16. Rad1 Nf6 17. g4 h6 18. Rxd8 Rxd8 19. g5 hxg5 20. Bxg5 Rd7 21.
Rg1 Kf8 22. h4 Nh7 23. Bxe7+ Rxe7 24. Ke3 Rd7 25. f4 exf4+ 26. Kxf4 Nf6 27. Rg5
Rd1 28. e5 Rf1+ 29. Ke3 Nd5+ 30. Ke4 Nce7 31. h5 Rh1 32. Nd4 c5 33. Nf5 Re1+ 34.
Nfe3 Kg8 35. Kf3 Nxe3 36. Nxe3 Rh1 37. Nc4 Nd5 38. Ke4 f6 39. exf6 Nxf6+ 40. Ke5
Re1+ 41. Kf5 Nd7 42. h6 Rf1+ 43. Ke6 Nf8+ 44. Ke7 Rf7+ 45. Ke8 Ne6 46. Rg6 Rf6
47. Rxf6 gxf6 48. Ke7 Nf4 49. Kxf6 Nd5+ 50. Kg6 1-0

[Event "AUTO-ADV-3410"]
[Site "http://www.queenalice.com/game.php?id=1358929"]
[Date "2015.5.11"]
[Round "1"]
[White "Ferdyrojo"]
[Black "TorresR"]
[Result "1-0"]
[WhiteElo "1864"]
[BlackElo "1739"]

1. e4 d5 2. exd5 Nf6 3. Be2 Nxd5 4. d4 Nc6 5. Nf3 Bf5 6. a3 a6 7. c4 Nb6 8. Nc3
e6 9. O-O h5 10. Be3 h4 11. Qd2 Be7 12. Rad1 g5 13. Bxg5 h3 14. Bxe7 Qxe7 15. g3
O-O-O 16. d5 exd5 17. cxd5 Rhe8 18. Qf4 Nxd5 19. Qxf5+ Kb8 20. Nxd5 Qxe2 21.
Rfe1 Qxb2 22. Rxe8 Rxe8 23. Qf4 Re2 24. Qxc7+ Ka7 25. Rf1 Qxa3 26. Qxf7 Qa2 27.
Qh5 b5 28. Qh7+ Ka8 29. Nc3 Nd4 30. Nxd4 1-0

[Event "AUTO-ADV-3410"]
[Site "http://www.queenalice.com/game.php?id=1358930"]
[Date "2015.5.11"]
[Round "1"]
[White "TorresR"]
[Black "Ferdyrojo"]
[Result "0-1"]
[WhiteElo "1754"]
[BlackElo "1852"]

1. g4 d5 2. Bg2 c6 3. c4 d4 4. h3 e5 5. Qb3 Nd7 6. d3 h6 7. Na3 Ngf6 8. Bd2 Nc5
9. Qc2 a5 10. g5 hxg5 11. Bxg5 Be7 12. Nf3 Qd6 13. Nb1 Bf5 14. Nh4 Bh7 15. Nd2
Ne6 16. Bxf6 Bxf6 17. Ne4 Qb4+ 18. Kf1 Bxh4 19. c5 Be7 20. a4 f5 21. Nd6+ Bxd6
22. cxd6 Qxd6 0-1

[Event "AUTO-ADV-3410"]
[Site "http://www.queenalice.com/game.php?id=1358931"]
[Date "2015.5.11"]
[Round "1"]
[White "Ferdyrojo"]
[Black "biskydad"]
[Result "1-0"]
[WhiteElo "1867"]
[BlackElo "1781"]

1. e4 c5 2. Nf3 Nc6 3. d4 cxd4 4. Nxd4 a6 5. c4 e6 6. Nc3 Bc5 7. Nxc6 bxc6 8.
Be2 Ne7 9. O-O d6 10. Qd3 e5 11. Be3 Bxe3 12. Qxe3 O-O 13. f4 f6 14. f5 c5 15.
Rf3 Bb7 16. Nd5 Nc6 17. Rg3 Nd4 18. Bh5 Nc2 19. Qh6 Qd7 20. Rc1 Bxd5 21. cxd5
Nd4 22. Qd2 a5 23. b3 a4 24. Bd1 axb3 25. Bxb3 Ra3 26. Rcc3 Kh8 27. Bd1 Rxc3 28.
Qxc3 Qb5 29. Qe1 Qc4 30. a4 Nc2 31. Qc3 Qxc3 32. Rxc3 Nd4 33. Kf2 h6 34. g4 Rb8
35. h4 Rb2+ 36. Kg3 Rb1 37. Rd3 c4 38. Rd2 Rc1 39. a5 Rc3+ 40. Kg2 Ra3 41. Rb2
Ra1 42. Rb8+ Kh7 43. Bf3 Rxa5 44. Rd8 Rc5 45. Rxd6 c3 46. Bd1 Nb5 47. Rc6 Rxc6
48. dxc6 g6 49. Ba4 gxf5 50. gxf5 h5 51. Kf2 Kg7 52. Ke2 Nc7 53. Kd3 Kf7 54.
Kxc3 Ke7 55. Kc4 Kd6 56. Bb5 Nxb5 57. Kxb5 Kc7 58. Kc5 1-0

[Event "AUTO-ADV-3410"]
[Site "http://www.queenalice.com/game.php?id=1358932"]
[Date "2015.5.11"]
[Round "1"]
[White "biskydad"]
[Black "Ferdyrojo"]
[Result "0-1"]
[WhiteElo "1815"]
[BlackElo "1852"]

1. d4 d5 2. c4 e6 3. Nc3 Nf6 4. e3 c6 5. Bd3 dxc4 6. Bxc4 b5 7. Bd3 Bd6 8. Nf3
O-O 9. e4 Bb4 10. O-O a6 11. a3 Be7 12. h3 Bb7 13. b4 Nbd7 14. Be3 Nb6 15. Ne5
Nbd7 16. a4 Nxe5 17. dxe5 Ne8 18. f4 Qc7 19. Bc5 Bxc5+ 20. bxc5 Rd8 21. Qe2 b4
22. Na2 a5 23. Rad1 Qc8 24. f5 exf5 25. exf5 Nc7 26. f6 g6 27. Qe3 Ne6 28. Bc4
Rxd1 29. Rxd1 Rd8 30. Rxd8+ Qxd8 31. Bxe6 fxe6 32. Qh6 Qf8 33. Qd2 Qxc5+ 34. Kh1
Qd5 35. Qh6 Qd7 36. Nc1 Qf7 37. Nd3 Qf8 38. Qg5 c5 39. h4 Be4 40. Qe3 Bd5 41.
Nxc5 Qa8 42. Qf2 Kf7 43. Qe3 Bxg2+ 44. Kh2 Bc6 45. Qh6 Qg8 46. Kg3 Bd5 47. Na6
b3 48. Qc1 Qd8 49. Kg4 Be4 50. h5 Bf5+ 51. Kg5 gxh5 52. Kxh5 Bg6+ 53. Kh4 Qd4+
54. Kh3 Qxe5 55. Nc5 Qxf6 0-1

[Event "noroc4"]
[Site "http://www.queenalice.com/game.php?id=1370816"]
[Date "2015.7.10"]
[Round "3"]
[White "Ferdyrojo"]
[Black "Nille"]
[Result "0-1"]
[WhiteElo "1938"]
[BlackElo "1881"]

1. e4 e5 2. Nf3 d6 3. d4 exd4 4. Nxd4 h6 5. Nc3 Nf6 6. Be2 Be7 7. Be3 Bd7 8. O-O
a6 9. a4 c5 10. Nf3 Nc6 11. Bf4 Be6 12. Be3 d5 13. exd5 Nxd5 14. Nxd5 Bxd5 15.
Bf4 O-O 16. c4 Bxf3 17. Bxf3 Qb6 18. Bxc6 Qxc6 19. Qc2 Bd6 20. Bxd6 Qxd6 21.
Rad1 Qc6 22. Rd5 b6 23. Rfd1 Rae8 24. Kf1 Qe6 25. Rd6 Qe4 26. Qxe4 Rxe4 27. Rxb6
Rxc4 28. Rxa6 Rb4 29. Rd2 Rfb8 30. Ke2 Rxb2 31. a5 Rxd2+ 32. Kxd2 Rb2+ 33. Ke3
Ra2 34. Ra8+ Kh7 35. a6 c4 36. a7 Kg6 37. f3 c3 38. Rc8 Rxa7 39. Rxc3 Ra2 40.
Kf4 Rxg2 41. h3 Kh5 42. Rc7 g5+ 43. Ke3 f5 44. f4 Rg3+ 45. Kf2 Rxh3 46. fxg5
hxg5 47. Kg2 g4 48. Rh7+ Kg5 49. Rxh3 gxh3+ 50. Kxh3 Kf4 51. Kg2 Ke3 52. Kf1 f4
53. Ke1 f3 54. Kf1 f2 55. Kg2 Ke2 0-1

[Event "AUTO-ADV-3487"]
[Site "http://www.queenalice.com/game.php?id=1380831"]
[Date "2015.9.2"]
[Round "1"]
[White "pomar"]
[Black "Ferdyrojo"]
[Result "1-0"]
[WhiteElo "2157"]
[BlackElo "1899"]

1. f3 c5 2. Kf2 d5 3. e3 Nc6 4. g3 g6 5. c4 Nf6 6. cxd5 Nxd5 7. Qb3 Bg7 8. Bc4
e6 9. Nc3 Nxc3 10. bxc3 Na5 11. Qb5+ Bd7 12. Qxc5 Nxc4 13. Qxc4 O-O 14. Ba3 Re8
15. Rb1 Rc8 16. Qb3 b6 17. d4 Qc7 18. Ne2 Qc4 19. Rhc1 Ba4 20. Qxc4 Rxc4 21. Ke1
Bf8 22. Bb2 g5 23. Kd2 Rd8 24. Ba1 e5 25. Kd3 Rc7 26. c4 exd4 27. exd4 f5 28. d5
Ba3 29. Rc3 Bc5 30. Nd4 Bxd4 31. Kxd4 Kf7 32. Re1 Bc6 33. Ke3 Re7+ 34. Kf2 Rxe1
35. Kxe1 Re8+ 36. Kd2 Bb7 37. Re3 Re7 38. Rxe7+ Kxe7 39. Kd3 Kd6 40. Bf6 h6 41.
g4 fxg4 42. fxg4 Kc5 43. Be7# 1-0

[Event "AUTO-ADV-3487"]
[Site "http://www.queenalice.com/game.php?id=1380832"]
[Date "2015.9.2"]
[Round "1"]
[White "Ferdyrojo"]
[Black "pomar"]
[Result "1/2-1/2"]
[WhiteElo "1928"]
[BlackElo "2188"]

1. e4 e6 2. d4 d5 3. Nc3 Bb4 4. Bd2 Bxc3 5. bxc3 dxe4 6. Qg4 g6 7. Qxe4 Nc6 8.
Bb5 Bd7 9. Nf3 a6 10. Bd3 f5 11. Qe2 Qe7 12. O-O O-O-O 13. Bg5 Nf6 14. Qd2 Rdf8
15. Ne5 Qg7 16. Bh6 Qe7 17. Bxf8 Rxf8 18. Nxc6 Bxc6 19. Rfe1 Ne4 20. Bxe4 Bxe4
21. f3 Bd5 22. a4 Qd7 23. Qd3 Qc6 24. Qe3 Qd6 25. Qe5 Qxe5 26. Rxe5 Kd7 27. a5
Kd6 28. f4 g5 29. fxg5 Rg8 30. h4 h6 31. Rxd5+ Kxd5 32. gxh6 Rg4 33. Rb1 Kc6 34.
Re1 Kd6 35. g3 Rxg3+ 36. Kh2 Rg6 37. h7 Rh6 38. Kh3 Rxh7 39. c4 b6 40. c3 bxa5
41. Ra1 Kc6 42. Rxa5 Kb6 43. Re5 Rh6 44. Kg3 a5 45. Rb5+ Ka6 46. Rc5 Kb6 47.
Rb5+ Ka6 48. Rc5 a4 49. Rb5 a3 50. Rb8 Ka7 51. Rb1 Rg6+ 52. Kf2 Rh6 53. Kg3 Rg6+
54. Kf2 Rh6 55. Kg3 1/2-1/2

[Event "AUTO-ADV-3487"]
[Site "http://www.queenalice.com/game.php?id=1380847"]
[Date "2015.9.2"]
[Round "1"]
[White "mascarade"]
[Black "Ferdyrojo"]
[Result "1-0"]
[WhiteElo "1977"]
[BlackElo "1910"]

1. Nf3 Nf6 2. g3 g6 3. Bg2 Bg7 4. d4 d5 5. O-O O-O 6. b3 c5 7. Bb2 cxd4 8. Nxd4
Nc6 9. Na3 e6 10. Nxc6 bxc6 11. e3 Ba6 12. Re1 Re8 13. Bf1 Bxf1 14. Rxf1 e5 15.
c4 a6 16. cxd5 cxd5 17. Nc2 a5 18. a4 Rc8 19. Na3 Bf8 20. Nb5 Bb4 21. Ba3 Qe7
22. Qe2 Bxa3 23. Nxa3 Rc3 24. Qb5 Rc5 25. Qd3 Rd8 26. Rfd1 Qd7 27. Rac1 Rdc8 28.
Rxc5 Rxc5 29. Nb5 Qh3 30. Qf1 Qf5 31. Nd6 Qe6 32. Nb5 Qc6 33. Qe1 Qb6 34. Rc1
Nd7 35. Rxc5 Nxc5 36. b4 axb4 37. Qxb4 Nd3 38. a5 Nxb4 39. axb6 Nc6 40. b7 Kf8
41. Na7 Nb8 42. Nb5 Ke7 43. Nc3 Kd6 44. Kg2 f5 45. f4 exf4 46. gxf4 Kc5 47. Ne2
h6 48. h4 h5 49. Nd4 Kd6 50. Nf3 Ke6 51. Ng5+ Kd7 52. Kg3 Kc7 53. Ne6+ Kxb7 54.
Nf8 Nc6 55. Nxg6 d4 56. exd4 Nxd4 57. Nf8 Kc6 58. Nh7 Kd6 59. Nf6 Ne2+ 60. Kf3
Nd4+ 61. Kg2 Ne2 62. Nxh5 Ke6 63. Kf2 Nd4 64. Ng3 Kf6 65. h5 Ne6 66. Ke3 Nf8 67.
Ne2 Kg7 68. Kd4 Ne6+ 69. Ke5 1-0

[Event "AUTO-ADV-3487"]
[Site "http://www.queenalice.com/game.php?id=1380848"]
[Date "2015.9.2"]
[Round "1"]
[White "Ferdyrojo"]
[Black "mascarade"]
[Result "1-0"]
[WhiteElo "1883"]
[BlackElo "1872"]

1. e4 e5 2. Nf3 d6 3. d4 exd4 4. Nxd4 g6 5. Bc4 Bg7 6. Nc3 c5 7. Nf3 Ne7 8. Bg5
O-O 9. O-O Nbc6 10. Qd2 Qc7 11. Nd5 Nxd5 12. exd5 Ne5 13. Nxe5 Bxe5 14. c3 a6
15. a4 Bd7 16. Bf4 Bxf4 17. Qxf4 Rad8 18. Rfe1 b5 19. axb5 axb5 20. Bd3 Qb7 21.
Be4 Qb6 22. b3 b4 23. c4 Ra8 24. Qf6 Rxa1 25. Rxa1 Re8 26. Bd3 Qa5 27. Rxa5 Re1+
28. Bf1 1-0

[Event "AUTO-ADV-3487"]
[Site "http://www.queenalice.com/game.php?id=1380859"]
[Date "2015.9.2"]
[Round "1"]
[White "Ferdyrojo"]
[Black "jlpbarreto"]
[Result "1/2-1/2"]
[WhiteElo "1880"]
[BlackElo "1957"]

1. d4 Nf6 2. c4 e6 3. Nc3 d5 4. Nf3 Be7 5. Qc2 O-O 6. Bg5 Nbd7 7. a3 dxc4 8. e4
c6 9. Bxc4 Nb6 10. Bd3 h6 11. Be3 Ng4 12. Bf4 Nf6 13. O-O Kh8 14. b4 Kg8 15. h3
Nh5 16. Bh2 Nf6 17. Bf4 Nh5 18. Bh2 Nf6 19. Bf4 1/2-1/2

[Event "AUTO-ADV-3487"]
[Site "http://www.queenalice.com/game.php?id=1380860"]
[Date "2015.9.2"]
[Round "1"]
[White "jlpbarreto"]
[Black "Ferdyrojo"]
[Result "1-0"]
[WhiteElo "1978"]
[BlackElo "1924"]

1. e4 e5 2. Nf3 Nc6 3. Bb5 a6 4. Ba4 Nf6 5. Bxc6 dxc6 6. d3 Bg4 7. O-O Bd6 8.
Be3 Qe7 9. Nbd2 O-O 10. h3 Bxf3 11. Qxf3 h6 12. Qe2 Bc5 13. Nb3 Bxe3 14. fxe3 c5
15. a4 b5 16. Nd2 c6 17. c4 Nd7 18. Nb3 b4 19. Kh1 a5 20. Kg1 Qd6 21. Rf2 Nb6
22. Nd2 Rad8 23. Nb3 Qxd3 24. Nxc5 Qxe2 25. Rxe2 Nxc4 26. Kf2 Rd2 27. Rxd2 Nxd2
28. Rd1 Nc4 29. b3 Nb6 30. Rd6 f5 31. Rxc6 fxe4+ 32. Ke2 Rc8 33. Rxc8+ Nxc8 34.
Nb7 Kf8 35. Nxa5 Ne7 36. Nc4 Nc6 37. Nd6 Na5 38. Nxe4 Nxb3 39. Kd3 Ke7 40. Kc4
Na5+ 41. Kxb4 Nb7 42. a5 Kd7 43. Nc5+ Nxc5 44. Kxc5 Kc7 45. Kd5 Kb7 46. Kxe5 Ka6
47. Kf5 Kxa5 48. Kg6 Kb5 49. Kxg7 h5 50. Kh6 Kc5 51. Kxh5 Kd5 52. Kg5 Ke5 53. h4
Ke6 54. h5 Kf7 55. g4 Kg7 56. e4 Kh7 57. Kf6 Kh6 58. e5 Kh7 59. e6 1-0

[Event "AUTO-ADV-3410"]
[Site "http://www.queenalice.com/game.php?id=1387132"]
[Date "2015.10.3"]
[Round "2"]
[White "Ferdyrojo"]
[Black "Scharlatan"]
[Result "1-0"]
[WhiteElo "1922"]
[BlackElo "1494"]

1. d4 d5 2. c4 e6 3. Nc3 Nf6 4. Bg5 Be7 5. Nf3 h6 6. Bd2 O-O 7. e3 Ne4 8. cxd5
Nxc3 9. bxc3 exd5 10. Bd3 Bg4 11. h3 Bh5 12. g4 1-0

[Event "AUTO-ADV-3410"]
[Site "http://www.queenalice.com/game.php?id=1387133"]
[Date "2015.10.3"]
[Round "2"]
[White "Scharlatan"]
[Black "Ferdyrojo"]
[Result "0-1"]
[WhiteElo "1496"]
[BlackElo "1920"]

1. e4 e5 2. f4 exf4 3. Nf3 d6 4. d4 g5 5. g3 g4 6. Nh4 f3 7. Nc3 Nc6 8. Be3 Bg7
9. h3 h5 10. Bc4 Na5 11. Bd3 Nf6 0-1